| 000 | 00616nam a22002057a 4500 | ||
|---|---|---|---|
| 003 | OSt | ||
| 005 | 20181002165037.0 | ||
| 008 | 181002b xxu||||| |||| 00| 0 eng d | ||
| 020 | _a9780853697008 | ||
| 040 | _cDNLM | ||
| 050 | _bQV373 J71p 2008 | ||
| 100 |
_aLangley, Chrisopher A.; Belcher, Dawn. _95839 |
||
| 245 | _aPharmaceutical Compounding and Dispensing | ||
| 260 | _aLondon; Pharmaceutical Press, 2008 | ||
| 300 | _aix,214p; ill: 24cm | ||
| 504 | _aAppendices,& index included | ||
| 650 |
_a. Pharmaceutical compounding _912695 |
||
| 650 |
_a. Pharmaceutical dispensing _912696 |
||
| 942 |
_2z _cSLOAN |
||
| 999 |
_c6144 _d6144 |
||